00816nam a2200205 i 4500001000300000245020900003260008700212300002700299655003200326700004300358700003500401700003100436700002600467020002100493040000800514041001300522080001600535080001800551008004100569bg00aWielki słownik angielsko-polski PWN-Oxford =bEnglish-Polish dictionary /cred. nauk. Barbara Lewandowska-Tomaszczyk, okresowo Jacek Fisiak, Tadeusz Piotrowski ; aut. haseł Paweł Beręsewicz [et al.]. aWarszawa :bWydawnictwo Naukowe PWN ;a[Oxford] :bOxford University Press,c2002. aCXX, 1384 s. ;c27 cm. 4aSłowniki angielsko-polskie1 aLewandowska-Tomaszczyk, Barbara.eRed.1 aFisiak, Jacekd(1936- ).eRed.1 aPiotrowski, Tadeusz.eRed.1 aBeręsewicz, Paweł. a8301137088 (PWN) cBPK0 aengapol a811.111'374 a811.162.1'374020508s2002 pl d |000 0 pol